00270nam a22000977a 4500008004100000082001700041110000800058245007700066260002100143300000800164230704b xxu||||| |||| 00| 0 eng d a338.967bROK bGOK aKenya's reforms policies, plans and outcomesbConsultative group Meeting aParisbGOKc1991 a46p